Corrosion engineering (Record no. 1267)

000 -LEADER
fixed length control field 00569nam a22002177a 4500
001 - CONTROL NUMBER
control field 1267
003 - CONTROL NUMBER IDENTIFIER
control field BD-DhUET
008 - FIXED-LENGTH DATA ELEMENTS--GENERAL INFORMATION
fixed length control field 140902b xxu||||| |||| 00| 0 eng d
020 ## - INTERNATIONAL STANDARD BOOK NUMBER
International Standard Book Number 9789848725085
040 ## - CATALOGING SOURCE
Transcribing agency 0
Modifying agency BD-DhUET
082 ## - DEWEY DECIMAL CLASSIFICATION NUMBER
Classification number 620.1122
Item number NOO/2009
100 ## - MAIN ENTRY--PERSONAL NAME
Personal name Nooruddin Ahmed
245 ## - TITLE STATEMENT
Title Corrosion engineering
Remainder of title an introductory text
250 ## - EDITION STATEMENT
Edition statement 1st ed.
260 ## - PUBLICATION, DISTRIBUTION, ETC. (IMPRINT)
Place of publication, distribution, etc. Dhaka
Name of publisher, distributor, etc. N. Ahmed and I. Mahmud
Date of publication, distribution, etc. 2009
300 ## - PHYSICAL DESCRIPTION
Extent xviii, 261 p.
504 ## - BIBLIOGRAPHY, ETC. NOTE
Bibliography, etc Includes bibliographies
650 #0 - SUBJECT ADDED ENTRY--TOPICAL TERM
Topical term or geographic name as entry element Corrosion and anti-Corrosion
700 ## - ADDED ENTRY--PERSONAL NAME
Personal name Iqbal Mahmud
942 ## - ADDED ENTRY ELEMENTS (KOHA)
Koha item type General Book
Holdings
Source of classification or shelving scheme Koha out on loan Shelving location Koha issues (times borrowed) Lost status Location (home branch) Copy number Date acquired Withdrawn status Price effective from Damaged status Koha item type Koha date last seen Koha normalized classification for sorting Koha full call number Not for loan Sublocation or collection (holding branch) Koha date last borrowed Piece designation (barcode)
  Circulation section2 Central Library, BUET82014-09-02 2014-09-02 General Book2021-08-28620_000000000000000_1122NOO200620.1122/NOO/2009 Central Library, BUET2021-08-28107513
  Circulation section25 Central Library, BUET82014-09-02 2014-09-02 General Book2021-09-06620_000000000000000_1122NOO200620.1122/NOO/2009 Central Library, BUET2021-09-06107507
  Circulation section1 Central Library, BUET82014-09-02 2014-09-02 General Book2021-08-28620_000000000000000_1122NOO200620.1122/NOO/2009 Central Library, BUET2021-08-28107508
  Circulation section1 Central Library, BUET 2014-09-02 2014-09-02 General Book2021-08-28620_000000000000000_1122NOO200620.1122/NOO/2009 Central Library, BUET2021-08-28107506
  Circulation section1 Central Library, BUET 2014-09-02 2014-09-02 General Book2021-08-28620_000000000000000_1122NOO200620.1122/NOO/2009 Central Library, BUET2021-08-28107512
 2025-12-15Circulation section5 Central Library, BUET 2014-09-02 2014-09-02 General Book2025-12-01620_000000000000000_1122NOO200620.1122/NOO/2009 Central Library, BUET2025-12-01107509
  Circulation section38 Central Library, BUET 2014-09-02 2014-09-02 General Book2024-10-21620_000000000000000_1122NOO200620.1122/NOO/2009 Central Library, BUET2024-10-21107505
  Circulation section1 Central Library, BUET 2014-09-02 2014-09-02 General Book2021-08-28620_000000000000000_1122NOO200620.1122/NOO/2009 Central Library, BUET2021-08-28107511
  Circulation section1 Central Library, BUET 2014-09-02 2014-09-02 General Book2021-08-28620_000000000000000_1122NOO200620.1122/NOO/2009 Central Library, BUET2021-08-28107504
  Circulation section1 Central Library, BUET12010-01-13 2018-04-28 General Book2021-08-28620_112200000000000_NOO_2009620.1122/NOO/2009 Central Library, BUET2021-08-28107510